| 000 -LEADER |
| fixed length control field |
01146cam a2200325 a 4500 |
| 001 - CONTROL NUMBER |
| control field |
.b29254875 |
| 003 - CONTROL NUMBER IDENTIFIER |
| control field |
OCoLC |
| 005 - DATE AND TIME OF LATEST TRANSACTION |
| control field |
20230120141554.0 |
| 008 - FIXED-LENGTH DATA ELEMENTS--GENERAL INFORMATION |
| fixed length control field |
091023t20092007nyu 000 1 eng d |
| 020 ## - INTERNATIONAL STANDARD BOOK NUMBER |
| International Standard Book Number |
9780545178044 |
| Qualifying information |
(pbk.) |
| 035 ## - SYSTEM CONTROL NUMBER |
| System control number |
(OCoLC)458616145 |
| Canceled/invalid control number |
(OCoLC)460656417 |
| -- |
(OCoLC)692682345 |
| 040 ## - CATALOGING SOURCE |
| Original cataloging agency |
IHI |
| Transcribing agency |
IHI |
| Modifying agency |
PLJ |
| -- |
CGB |
| -- |
NTNU |
| -- |
KH8 |
| 042 ## - AUTHENTICATION CODE |
| Authentication code |
nbic |
| 082 0# - DEWEY DECIMAL CLASSIFICATION NUMBER |
| Classification number |
372.4 PAU |
| 100 1# - MAIN ENTRY--PERSONAL NAME |
| Personal name |
Paulsen, Gary. |
| Relator term |
author |
| 245 10 - TITLE STATEMENT |
| Title |
Lawn boy / |
| Statement of responsibility, etc. |
Gary Paulsen. |
| 260 ## - PUBLICATION, DISTRIBUTION, ETC. |
| Place of publication, distribution, etc. |
New York : |
| Name of publisher, distributor, etc. |
Scholastic, |
| Date of publication, distribution, etc. |
2009, c2007. |
| 300 ## - PHYSICAL DESCRIPTION |
| Extent |
88 p. ; |
| Dimensions |
20 cm. |
| 500 ## - GENERAL NOTE |
| General note |
Lexile 780. |
| 500 ## - GENERAL NOTE |
| General note |
Originally published: New York : Wendy Lamb Books, c2007. |
| 520 ## - SUMMARY, ETC. |
| Summary, etc. |
Things get out of hand when a stockbroker neighbor convinces a twelve-year-old boy to expand his summer lawn mowing business. |
| 650 #0 - SUBJECT ADDED ENTRY--TOPICAL TERM |
| Topical term or geographic name entry element |
Money-making projects for children |
| Form subdivision |
Juvenile fiction. |
| 650 #0 - SUBJECT ADDED ENTRY--TOPICAL TERM |
| Topical term or geographic name entry element |
Summer employment |
| Form subdivision |
Juvenile fiction. |
| 650 #0 - SUBJECT ADDED ENTRY--TOPICAL TERM |
| Topical term or geographic name entry element |
Investments |
| Form subdivision |
Juvenile fiction. |
| 650 #1 - SUBJECT ADDED ENTRY--TOPICAL TERM |
| Topical term or geographic name entry element |
Business enterprises |
| Form subdivision |
Fiction. |
| 650 #1 - SUBJECT ADDED ENTRY--TOPICAL TERM |
| Topical term or geographic name entry element |
Summer employment |
| Form subdivision |
Fiction. |
| 650 #1 - SUBJECT ADDED ENTRY--TOPICAL TERM |
| Topical term or geographic name entry element |
Investments |
| Form subdivision |
Fiction. |
| 655 #1 - INDEX TERM--GENRE/FORM |
| Genre/form data or focus term |
Humorous stories. |
| 942 ## - ADDED ENTRY ELEMENTS (KOHA) |
| Source of classification or shelving scheme |
|
| Koha item type |
Books - Non Ficton |